Warhammer Fantasy Roleplay 4ed - profesje - Statystyki

Ogólne statystyki
  • Ten quiz został rozwiązany 12 razy
  • Średni wynik to 37 z 64
Statystyki odpowiedzi
Klasa Odpowiedź % Poprawnych
Pospólstwo Łowczyni
100%
Dworzanie Szlachcic
100%
Łotry Złodziej
100%
Wojownicy Żołnierz
100%
Wędrowcy Biczownik
86%
Uczeni Czarodziej
86%
Uczeni Kapłan
86%
Wędrowcy Łowca Czarownic
86%
Wojownicy Ochroniarz
86%
Wojownicy Rycerz
86%
Mieszczanie Strażnik
86%
Uczeni Uczony
86%
Wojownicy Zabójca
86%
Dworzanie Artystka
71%
Łotry Banita
71%
Pospólstwo Chłopka
71%
Łotry Hiena Cmentarna
71%
Dworzanie Poseł
71%
Dworzanie Służący
71%
Łotry Szarlatan
71%
Mieszczanie Szczurołap
71%
Mieszczanie Żebrak
71%
Wodniacy Żeglarz
71%
Uczeni Aptekarka
57%
Wodniacy Flisak
57%
Wojownicy Gladiator
57%
Uczeni Inżynier
57%
Wojownicy Kawalerzysta
57%
Mieszczanie Kupiec
57%
Wędrowcy Łowczyni Nagród
57%
Mieszczanie Mieszczka
57%
Wojownicy Oprych
57%
Wodniacy Pirat Rzeczny
57%
Wodniacy Przemytniczka
57%
Wodniacy Przewoźnik
57%
Mieszczanie Rzemieślniczka
57%
Wodniacy Strażnik Rzeczny
57%
Wędrowcy Woźnica
57%
Pospólstwo Zarządca
57%
Mieszczanie Agitator
43%
Wodniacy Doker
43%
Dworzanie Doradca
43%
Pospólstwo Górnik
43%
Pospólstwo Guślarz
43%
Uczeni Medyczka
43%
Wodniacy Pilotka Rzeczna
43%
Wędrowcy Posłaniec
43%
Wędrowcy Strażniczka Dróg
43%
Dworzanie Szpieg
43%
Pospólstwo Zwiadowca
43%
Łotry Czarownica
29%
Wędrowcy Domokrążca
29%
Wojownicy Kapłan Bitewny
29%
Wędrowcy Kuglarka
29%
Pospólstwo Mistyczka
29%
Uczeni Mniszka
29%
Dworzanie Namiestnik
29%
Łotry Paser
29%
Uczeni Prawniczka
29%
Łotry Rajfur
29%
Łotry Rekieterka
29%
Mieszczanie Śledczy
29%
Pospólstwo Zielarka
29%
Dworzanie Zwadźca
29%
Nie znaleziono quizów pasujących do podanych kryteriów
Rozkład punktacji
Procent ludzi z każdym wynikiem
Percentyl według liczby udzielonych odpowiedzi
Twoja historia wyników
Nie rozwiązałeś tego quizu